Movies Quiz

Random Movies or Box Office Quiz

Top Grossing Movie Studios Quiz Stats

 Plays Quiz Updated Mar 19, 2012

Challenge
Share
Tweet
Embed
Score 0/15 Timer 04:00
2 Plays Today
Number of Movies Studio % Correct
424Walt Disney Pictures
82.3%
469Warner Bros.
67.5%
229MGM
64.1%
33420th Century Fox
61.2%
317Paramount Pictures
59.4%
312Universal
58.7%
77Dreamworks SKG
56.6%
456Sony Pictures
50.7%
Number of Movies Studio % Correct
375Miramax
28.3%
211Lionsgate
24.4%
203New Line
19.4%
138Fox Searchlight
12.2%
82Focus Features
7.5%
28Summit Entertainment
7.4%
28Dimension Films
4.3%

You're not logged in!

Compare scores with friends on all Sporcle quizzes.
Join for Free
OR
Log In

You Might Also Like...

Show Comments

Extras

Top Quizzes Today


Score Distribution

Your Account Isn't Verified!

In order to create a playlist on Sporcle, you need to verify the email address you used during registration. Go to your Sporcle Settings to finish the process.

Report this User

Report this user for behavior that violates our Community Guidelines.

Details: